| 000 | 00445nam a2200157Ia 4500 | ||
|---|---|---|---|
| 003 | IQ-KOUCL | ||
| 041 | _aArabic | ||
| 082 | _a256,4 cut-242 م | ||
| 100 | _a20260118u\\\\\\\\\\\y0engy0103\\\\ba | ||
| 100 | _aدوغلاس مارتن | ||
| 245 | 0 | _aالدين البهائي بحث ودراسة | |
| 250 | _aط1 | ||
| 260 |
_bدار النشر البهائية في البرازيل _aالبرازيل _c2002 |
||
| 300 | _a349 | ||
| 942 | _cBk | ||
| 999 |
_c186512 _d186512 |
||